000 00572nam a2200229Ia 4500
003 0100
008 130303s9999 xx 000 0 und d
020 _a0393959139
040 _cARRUPELIB
050 _aBC177.K38 1990
100 _aKelley, David
245 4 _aThe art of reasoning
245 _bexpanded edition (with Symbolic Logic)
250 _aRevised ed.
260 _aNew York
260 _bW.W. Norton and Company
260 _C1990
300 _a569p.
300 _b 24cm
650 _bCatholic church- Liturgy-missal-polyglot
942 _2lcc
_01
999 _c59409
_d59409